COMPUTERS IN ACTION (Record no. 583321)
[ view plain ]
| 000 -LEADER | |
|---|---|
| fixed length control field | 00288nam a22001217a 4500 |
| 020 ## - INTERNATIONAL STANDARD BOOK NUMBER | |
| International Standard Book Number | 0-05-002458-2 |
| 082 ## - DEWEY DECIMAL CLASSIFICATION NUMBER | |
| Classification number | 004 FAI |
| 100 ## - MAIN ENTRY--PERSONAL NAME | |
| Personal name | FAIRLIE.T.H,NEIL.C.M,FLOCKHART.H.S |
| 9 (RLIN) | 78159 |
| 245 ## - TITLE STATEMENT | |
| Title | COMPUTERS IN ACTION |
| 260 ## - PUBLICATION, DISTRIBUTION, ETC. | |
| Place of publication, distribution, etc. | |
| Name of publisher, distributor, etc. | OLIVER AND BOYD |
| Date of publication, distribution, etc. | 1793 |
| 300 ## - PHYSICAL DESCRIPTION | |
| Extent | 90P |
| 942 ## - ADDED ENTRY ELEMENTS (KOHA) | |
| Koha item type | Book |
| Withdrawn status | Lost status | Damaged status | Not for loan | Permanent Location | Current Location | Shelving location | Date acquired | Total Checkouts | Full call number | Barcode | Date last seen | Price effective from | Koha item type |
|---|---|---|---|---|---|---|---|---|---|---|---|---|---|
| College of Electrical & Mechanical Engineering (CEME) | College of Electrical & Mechanical Engineering (CEME) | General Stacks | 06/14/2017 | 004 FAI | CEME-8408 | 06/28/2021 | 06/28/2021 | Book |
